Statistics for Hungary Trivia Quiz

Click here to take the quiz!

General Stats

  • This quiz has been taken 98 times
  • The average score is 9 of 14

Answer Stats

ClueAnswer% Correct
It's capital?Budapest
100%
River running through Budapest?Danube
91%
Year it joined the EU?2004
88%
Country to the south of Hungary?Serbia
84%
Largest lake in Central Europe which is in Hungary?Balaton
83%
Hungary in Hungarian?Magyarorszag
77%
Second largest city?Debrecen
77%
National dish?Goulash
74%
Year of the revolution resulting in withdrawing from the Warsaw Pact?1956
66%
Composer of Annees de pelerinage?Franz Liszt
57%
15th Century villain thought to be inspiration behind Count Dracula?Vlad The Impaler
44%
Famous escapologist born in Budapest as Erich Weisz?Harry Houdini
37%
Inventor of the ball-point pen?Laszlo Biro
26%
Film director of Casablanca born Mihaly Kertesz?Michael Curtiz
9%

Score Distribution

Percentile by Number Answered

Percent of People with Each Score

Your Score History

You have not taken this quiz